000 00730nam a22002057a 4500
999 _c9475
_d9475
003 AR-CdUCM
008 190328b ||||| |||| 00| 0 spa d
040 _aMUNICIPALIDAD PROVINCIAL DEL CUSCO
_cBIBLIOTECA MUNICIPAL DEL CUSCO
082 _a468.3 /
_bZ95 / 1908
100 _aZúñiga, A. de
_925687
245 _aGramática castellana /
260 _aParís :
_bLibreria de la V° de ch. bouret,
_c1908
300 _a368 paginas ;
_c18 cm.
505 _aContenido : Observaciones generales -- Letras y silabas -- Diptongos y triptongos -- Palabras -- Acentos...
650 _aGramática castellana
_914218
650 _aLetras y silabas
_925688
650 _aRitmo y expresión
_925689
942 _2ddc
_cLIBROS
945 _awnts